000 01144nam a2200289 4500
001 0000013909
003 CO-CtgCURN
005 20250331184739.0
007 ta
008 160627s1981 000 0 eng d
020 _a9682507197
040 _aCO-CtgCURN
_bspa
_ccoctgcurn
082 0 _a574.5
_bT87t
100 1 _aTurk, Amos.
245 1 0 _aTratado de ecología /
_c[por Amos Turk , Jonathan Turk ... [et al.] , traducido al español por Carlos Gerhard Ottenwaelder.
260 _aMexico :
_bInteramericana,
_c1981.
300 _axii, 542 p.
336 _2rdacontent
337 _2rdamedia
_asin mediacion
_bn
338 _2rdacarrier
_avolumen
_bnc
505 8 _aIntroducción el ambiente social.--El ambiente biologico.--Poblaciones humanas.--Recursos y energia.--Medio ambiente.--Economia política y leyes.--El automovil : un caso tipico en ecología.--El ambiente biologico.--Poblaciones humanas.--Contaminacion.--Uso del suelo rural
650 1 4 _aEcología.
700 1 _aTurk, Jonathan.
908 _a160627
942 _cBK
_h574.5
_iT87t
_2ddc
999 _c21198
_d21198